000 00357nam a2200121Ia 4500
008 230907s9999||||xx |||||||||||||| ||und||
082 _a891.4393
_bUME
245 0 _aمیری ذات ذرّہ بے نشاں , Meri zaat zarra bay nishaan /
260 _aIlm-O-Irfan Publishers,
_bLahore :
_c2015
300 _a176 p.
650 _aUrdu Literature
942 _cBK
999 _c599751
_d599751